000 00367cam a2200169 4500
001 D9067
008 090401t1943 xxu||||| |||| 00| 0 eng d
035 _a(Sirsi) u17241
041 _aeng
100 _aStrathon, E.
245 _aCompensation (Defence)
260 _bSweet & Maxwell
_c1943
300 _a140p
350 _a0
942 _n0
948 _c04/03/1997
999 _c87487
_d87487